000 00731nam a2200289Ia 4500
005 20260324115257.0
008 008 260324s9999 xx 000 0 eng d
020 _a9781003442752
037 _aEBOOK
040 _aCRL
040 _beng
040 _cCRL
041 _2eng
041 _aeng
084 _qCRL
100 _aGeorge D. Kuh; Kristina L. Creager; George S. McClellan; Marianna Savoca
_91154047
245 2 _aA Good Job
245 0 _bCampus Employment as a High-Impact Practice
260 _bTaylor and Francis
260 _c2018
365 _a
365 _b230
856 _uhttp://www.taylorfrancis.com/books/9781003442752
942 _cEBOOK
999 _c1744808
_d1744808